000 00301nam a22001337a 4500
999 _c160346
_d160346
020 _a
082 _a
_b
100 _aBhishma Sahni
245 _aKabira khara bazar mein/
_cby Bhishma Sahni .
260 _aNew Delhi:
_bRajkamal Prakashan,
_c2005.
300 _a
650 _a
942 _cBK